Diccionario de sinónimos

Збережено в:
Бібліографічні деталі
Автор: Gili Gaya, Samuel (Автор)
Формат: Книга
Мова:Іспанська
Опубліковано: Barcelona Bibliograf 1973
Редагування:5a. ed
Предмети:
Теги: Додати тег
Немає тегів, Будьте першим, хто поставить тег для цього запису!

MARC

LEADER 00000nam a2200000 a 4500
001 UCR6827
003 CL-VaPUC
008 980423e19730000SP |||||||||||||||||spa|d
082 0 4 |a 413.1  |b GIL  |2 21 
100 |a Gili Gaya, Samuel  |e author  |9 524203 
245 1 0 |a Diccionario de sinónimos 
250 |a 5a. ed 
300 |a 357 p 
942 |c BK 
945 |d 19980423 00:00:00  |a lriquelm 
260 |a Barcelona  |b Bibliograf  |c 1973 
650 0 |a Español  |9 255372 
650 0 |a Sinónimos y antónimos   |9 255373 
650 0 |a Diccionarios  |9 256200 
583 |a last modification  |c 19980423 00:00:00  |k Rodrigo Vera 
999 |c 268732  |d 268730 
952 |0 0  |1 0  |4 0  |6 413_100000000000000_GIL_1973  |7 0  |8 X  |9 302016  |a BIBEDU  |b BIBEDU  |d 2019-11-20  |i 317154K  |o 413.1 GIL 1973  |p 317154K  |r 2023-01-13  |w 2019-11-20  |y BK_X  |k LIT